Online Catalogue and eLibrary

Giri durga (Record no. 5352)

MARC details
000 -LEADER
fixed length control field 00367nam a2200157Ia 4500
005 - DATE AND TIME OF LATEST TRANSACTION
control field 20250411042921.0
008 - FIXED-LENGTH DATA ELEMENTS--GENERAL INFORMATION
fixed length control field 240331s9999 xx 000 0 und d
020 ## - INTERNATIONAL STANDARD BOOK NUMBER
ISBN 9559540033
082 ## - DDC Classification
Item Number - Author Mark PER
Class No. 891
100 ## - MAIN ENTRY--PERSONAL NAME
Personal name Perera,T
245 #0 - TITLE STATEMENT
Title Giri durga
260 ## - PUBLICATION, DISTRIBUTION, ETC.
Place of publication, distribution, etc. Sri Lanka
Name of publisher, distributor, etc. Nawa Smaki Prakashika
Date of publication, distribution, etc. 1993
300 ## - PHYSICAL DESCRIPTION
Extent (e.g. Volumes, Pages etc.) 240 p .,
650 ## - SUBJECT ADDED ENTRY--TOPICAL TERM
Topical term or geographic name entry element Sinhala Novel
942 ## - Koha item type (Biblio)
Koha item type Books in Stacks (Lending)
Holdings
Lost status Damaged status Collection code Home library Current library Shelving location Date acquired Full call number Accession Number Item type
    Lending WERC Library WERC Library Social Science Cupboard 03/31/2024 891.48 PER 3762 Books in Stacks (Lending)

© WERC Library